000 00660cab a2200229 4500
001 ABS53325
008 090401t1995 xxu||||| |||| 00| 0 eng d
035 _a(Sirsi) u3563
041 _aeng
100 _aHoldsworth, P.
245 _aThoroughly fazed
260 _c1995
350 _a0
490 _aProperty Week
_v51(13) 29 June 1995, 34-35(2)
520 _aExamines the downward phasing in the South-East which could rob occupiers of the benefits of the rating revaluation.
650 _aBUSINESS RATES
650 _aDOWNWARD PHASING
650 _aRATING REVALUATION 1995
690 _aRATING AND VALUATION
942 _n0
948 _c04/03/1997
999 _c2192
_d2192